BIBLIOTHÈQUE DE LA MAISON DU MEXIQUE

Logo 1 Logo 2

Impresiones y recuerdos (notice nᵒ 6128)

détails MARC
000 -Sello discográfico
campo de control de longitud fija 00927nam a2200301 4500
005 - Identificación de versión
campo de control 20251016082001.0
010 ## - Número Estándar Internacional de Libros (ISBN)
Número (ISBN) 968-39-0112-3
099 ## - fechas locales
Tipo de ítem Koha LIBRO
100 ## - Datos de procesamiento general
Datos de procesamiento general 20220616d1986 m y1spay5003 ba
105 ## - Campo de datos codificados: Material textual, monográfico
Datos codificados de monografía y 001ay
200 1# - Título y mención de responsabilidad
Título propio Impresiones y recuerdos
Designación general del material texto impreso
Otra información del título Las minas y los mineros. Los maduros. Dramas en un corazón. Querens
Primer mención de responsabilidad Pedro Castera
205 ## - Declaración de edición
Declaración de edición 1a ed
210 ## - Publicación, distribución, etc.
Lugar de publicación, distribución, etc. México
Nombre del editor, distribuidor, etc. Editorial Patria
Fecha de publicación, distribución, etc. 1986
215 ## - Descripción física
Designación de material específico y extensión del ítem 458 p
Dimensiones 21 cm
345 ## - Nota de información de adquisición
Fuente de adquisición/dirección de la suscripción [OBSOLETO] Donación
410 #1 - Series
Título Clásicos Patria
606 ## - Término temático usado como materia
Elemento de entrada Novela mexicana
Subdivisión cronológica Siglo XIX
Número Koha 484
660 ## - Código de área geográfica
Código MX
700 ## - Nombre personal - Responsabilidad primaria
Elemento de entrada Castera Cortés
Parte del nombre distinta del elemento de entrada Pedro
Fechas 1846-1906
Número Koha 495
702 ## - Nombre personal - Responsabilidad secundaria
Elemento de entrada Schneider Zacouteguy
Parte del nombre distinta del elemento de entrada Luis Mario
Fechas 1931-1999
Número Koha 480
801 #0 - Fuente de origen
País FR
Agencia cm
Reglas de catalogación (convenciones descriptivas) AFNOR
900 ## -
-- 1/21702
900 ## -
-- 7100417642\080104
942 ## - ELEMENTOS DE ENTRADA SECUNDARIOS (KOHA)
Tipo de ítem Koha Livre
996 ## -
-- MEX
-- 751145101
-- MMAG
-- 006569
-- 863.3 C347IM
-- 20220616LIV
Exemplaires
Estatus retirado Estado de daño Estado de pérdida Fecha de adquisición Biblioteca de origen Biblioteca actual Ubicación en estantería Código de barras Precio de reemplazo Signatura topográfica completa No para préstamo Tipo de ítem Koha Nota pública Nota no pública
      05/08/2025 Casa México Paris Casa México Paris   006569 05/08/2025 863.3 C347IM   Livre 20220616LIV 751145101